01123nam a2200193Ia 4500952009200000999001700092008004100109020001500150050001700165100001000182245003100192260003400223300001900257500004800276505053400324519004200858650002200900942000700922 00104070a11b11d2007-01-08l0oBF1035 M56p11 002550r2012-06-26t1w2012-06-26yLB c69813d69813191203b1979 sp a|||| |||| 00| 0 spa d a847442142X aBF1035 bM56 aSilo  aLa mirada internac/ Silo  aBarcelonab: A.T.E. c, 1979  a127 páginas  aIncluye: Indice, Explicación (pp. 9 - 11) aLa revelación Disposición para comprender El sin-sentido La dependencia Sospecha del sentido Sueño y despertar Presencia de la fuerza Control de la fuerza Manifestaciones de la energía Evidencia del sentido El centro luminoso Los descubrimientos Los principios La guía del camino interno La experiencia de paz y el gran pasaje de la fuerza Proyección de la fuerza Pérdida y regresión de la fuerza Acción y reacción de la fuerza Los estados internos La realidad interior  aMaterial Complementario d(11 002550) 0aPARAPSICOLOGÍA  cLB